| 000 | 00529nam a2200145 4500 | ||
|---|---|---|---|
| 082 |
_a631.56 _bDAY/EF |
||
| 100 |
_aDayana Scaria _910 |
||
| 245 | _aEffect of mulching and nutrient sources on the production of salad cucumber inside and outside naturally ventilated greenhouse | ||
| 260 |
_aTavanur _bDepartment of IDE _c2007 |
||
| 700 |
_aManoj K Unni _911 |
||
| 700 |
_aSoniya Baby _912 |
||
| 700 |
_aMathew E.K (Guide) _913 |
||
| 856 | _uhttps://drive.google.com/file/d/0B8K9-c_S7d7WeGNKamVRWGJEcm8/edit?usp=sharing | ||
| 942 | _cPR | ||
| 999 |
_c14070 _d14070 |
||